000 00819cam a2200253 a 4500
001 3801
005 20240508151217.0
020 _a9780142413050
040 _aDLC
_cDLC
_dIG#
_dBAKER
_dCD5
_dXY4
_dDLC
_beng
050 0 0 _aPZ7.K15645
_b2005
082 0 0 _a813.6
100 1 _aKasza, Keiko
245 1 4 _aThe dog who cried wolf /
_cKeiko Kasza
260 _aNew York :
_bPenguin Group ;
_c2005.
300 _a32 unnumbered pages :
_bcolor illustrations ;
_c27 cm.
505 _aJ
520 _aTired of being a house pet, Moka the dog moves to the mountains to become a wolf but soon misses the comforts of home.
521 _a480
_bLexile
521 _aJ
_bRaz-Plus
650 1 _aDogs
_vFiction.
650 1 _aWolves
_vFiction.
906 _a7
_bcbc
_corignew
_d1
_eecip
_f20
_gy-gencatlg
942 _2ddc
_cBK
_n0
999 _c3801
_d3801